Management accounting for strategic and operational control, third edition / (Record no. 345140)
[ view plain ]
| 000 -LEADER | |
|---|---|
| fixed length control field | 01607 a2200229 4500 |
| 020 ## - INTERNATIONAL STANDARD BOOK NUMBER | |
| International Standard Book Number | 0750624523 |
| 020 ## - INTERNATIONAL STANDARD BOOK NUMBER | |
| International Standard Book Number | 9780750624527 |
| 082 04 - DEWEY DECIMAL CLASSIFICATION NUMBER | |
| Classification number | 658.1511 |
| 090 ## - LOCALLY ASSIGNED LC-TYPE CALL NUMBER (OCLC); LOCAL CALL NUMBER (RLIN) | |
| -- | 2647 |
| -- | 2647 |
| 100 1# - MAIN ENTRY--PERSONAL NAME | |
| Personal name | Coates, Jeffrey. |
| 245 10 - TITLE STATEMENT | |
| Title | Management accounting for strategic and operational control, third edition / |
| Statement of responsibility, etc. | Jeffrey Coates. |
| 250 ## - EDITION STATEMENT | |
| Edition statement | 3rd ed. |
| 260 ## - PUBLICATION, DISTRIBUTION, ETC. | |
| Place of publication, distribution, etc. | [S.l.] : |
| Name of publisher, distributor, etc. | Butterworth-Heinemann, |
| Date of publication, distribution, etc. | 1996. |
| 300 ## - PHYSICAL DESCRIPTION | |
| Extent | 340 p. |
| 500 ## - GENERAL NOTE | |
| General note | Paperback. |
| 520 ## - SUMMARY, ETC. | |
| Summary, etc. | Key features : * how to assess and report on management performance * monitoring efficiency, effectiveness and value for money * evaluating the efficiency and effectiveness of information systems. Management Accounting for Strategic and Operational Control is the essential guide to management accounting. In this fully revised and updated version of Control and Audit in Management Accounting, Coates, Stacey and Rickwood examine the application of management accounting to the task of control in the business context. This lively and accessible book encourages the management accountant to adopt a pro-active role in operational decision making and strategy development. how to assess and report on management performance monitoring efficiency, effectiveness and value for money evaluating the efficiency and effectiveness of information systems. |
| 700 1# - ADDED ENTRY--PERSONAL NAME | |
| Personal name | Rickwood, Colin. |
| 700 1# - ADDED ENTRY--PERSONAL NAME | |
| Personal name | Stacey, Raymond James. |
| 856 40 - ELECTRONIC LOCATION AND ACCESS | |
| Materials specified | Amazon.com |
| Uniform Resource Identifier | <a href="http://www.amazon.com/exec/obidos/ASIN/0750624523/chopaconline-20">http://www.amazon.com/exec/obidos/ASIN/0750624523/chopaconline-20</a> |
| 856 40 - ELECTRONIC LOCATION AND ACCESS | |
| Materials specified | Amazon customer reviews |
| Uniform Resource Identifier | <a href="http://www.chopac.org/cgi-bin/tools/azrev.pl?q=0750624523">http://www.chopac.org/cgi-bin/tools/azrev.pl?q=0750624523</a> |
| 942 ## - ADDED ENTRY ELEMENTS (KOHA) | |
| Institution code [OBSOLETE] | NBS |
| Koha item type | Book |
| Call number prefix | 658.1511 COA |
| Withdrawn status | Lost status | Damaged status | Not for loan | Permanent Location | Current Location | Date acquired | Total Checkouts | Full call number | Barcode | Date last seen | Price effective from | Koha item type |
|---|---|---|---|---|---|---|---|---|---|---|---|---|
| Central Library (CL) | Central Library (CL) | 08/28/2013 | 658.1511 COA | NBS1356 | 08/28/2013 | 08/28/2013 | Book | |||||
| Central Library (CL) | Central Library (CL) | 08/28/2013 | 658.1511 COA | NBS1357 | 08/28/2013 | 08/28/2013 | Book | |||||
| Central Library (CL) | Central Library (CL) | 08/28/2013 | 658.1511 COA | NBS699 | 08/28/2013 | 08/28/2013 | Book | |||||
| Central Library (CL) | Central Library (CL) | 08/28/2013 | 658.1511 COA | NBS887 | 08/28/2013 | 08/28/2013 | Book |
